000 00635nam a22001937a 4500
003 OSt
005 20251120131622.0
008 251120b |||||||| |||| 00| 0 eng d
020 _a0-8151-6549-8
040 _aDWC-Main lib
_cOC
082 _aCirc. 615.14 Os82 1991
100 _aOsis, M.
245 _aDosage calculations in SI units, 3rd ed.
_cOsis, Maureen
260 _as. l. :
_b Mosby,
_cc1991
300 _axii, 221 pages :
_billustration :
_c23 cm.
650 _2Drugs- dosage
650 _2Pharmaceutical arithmetics
942 _2ddc
_cBK-CIRC
_e3rd edition
_hCirc. 615.14 Os82 1991
_kCirc.
_n0
999 _c5876
_d5876